Vademecum de la construcción : materiales, mezclas, instalaciones, cálculos, croquis, proyectos, etc. /

Guardado en:
Detalles Bibliográficos
Autor principal: Bermejo Polo, Juan (autor)
Formato: Libro
Idioma:Español
Publicado: Madrid, España : Dossat, 2001, c2001
Edición:5a edición
Colección:(Construcción, Urbanismo y Tasación Inmobiliaria)
Temas:
Etiquetas: Agrega una etiqueta
Sin etiquetas, Sé el primero en etiquetar este registro!

MARC

LEADER 00000nam^a2200000^a^4500
001 000154314
005 20250521000000.0
009 20260310100350.961
020 |a 84-95312-51-4 
037 |a Acervo ITESO - Biblioteca 
041 |a ESP 
082 |a 624. 1  |b BER 
100 |a Bermejo Polo, Juan  |e (autor) 
245 1 0 |a Vademecum de la construcción :  |b materiales, mezclas, instalaciones, cálculos, croquis, proyectos, etc. /  |c J. Bermejo Polo. 
250 |a 5a edición 
264 4 |a Madrid, España :  |b Dossat,  |c 2001, c2001 
300 |a VIII, 165 p. 
336 |a texto  |b txt  |2 rdacontenido 
337 |a sin mediación  |b n  |2 rdamedio 
338 |a volumen  |b nc  |2 rdasoporte 
440 1 |a (Construcción, Urbanismo y Tasación Inmobiliaria) 
649 |a XX 
650 |a Materiales de Construcción 
650 |a Elementos Estructurales 
650 |a Estructuras 
650 |a Construcción 
650 |a Ingeniería Civil 
910 |a Fondo General 
920 |a Impresos - Libros 
930 |a Colección General 
905 |a 101 
901 |a 0500086363  |b IT1  |c ACC  |u 20250521 
902 |a https://opac.biblio.iteso.mx/vufind/Record/000154314